Score 0/22 Timer 02:00
0 Plays Today
Hint 4-letter word % Correct
Yogi or Baloo e.g.BEAR
97.8%
Uno, dos ____TRES
88.3%
Where a goatee growsCHIN
85.9%
Abel's older brotherCAIN
81.4%
UrinatesPEES
80.7%
Banana leftoverPEEL
79.6%
Common mowing siteLAWN
79.3%
Golfers need these to driveTEES
77.1%
Stitched togetherSEWN
77%
ReclinedLAIN
70.7%
First name of the above-mentioned actorSEAN
62.6%
Hint 4-letter word % Correct
Like seed, after being plantedSOWN
62.4%
Not having much fatTHIN
61.8%
Last name of the actor who played Boromir and TrevelyanBEAN
59.9%
____-mell (chaotic)PELL
59%
Somehow Timmy always seems to fall down one of theseWELL
58.4%
Aurora was goddess of thisDAWN
58.3%
Second word of quote•DOWN•
53.3%
Third word of quote•THIS•
51.2%
Baseball hall-of-famer SpeakerTRIS
45.9%
First word of a famous Ronald Reagan quote•TEAR•
44%
Last word of quote•WALL•
39.6%

Today's Daily Dose

Missing Word
'T' Pairs

Word Ladder
Game Pieces

Get the Picture
Baseball Movies

Remove Ads.
Support Sporcle.
Get the best of Sporcle when you Go Orange. This ad-free experience offers more features, more stats, and more fun while also helping to support Sporcle. Thank you for becoming a member.

You're not logged in!

Compare scores with friends on all Sporcle quizzes.
OR
Log In

Show Comments

Extras

Top Quizzes Today


Score Distribution

Your Account Isn't Verified!

In order to create a playlist on Sporcle, you need to verify the email address you used during registration. Go to your Sporcle Settings to finish the process.

Report this User

Report this user for behavior that violates our Community Guidelines.

Details: